00464 2200181 4500001002100000005001500021035002000036007000300056008004100059082000800100084001400108100002200122245005300144260003800197300001500235650001700250856001500267INLIS00000000000818620260409024249 a0010-0426000006ta260409 0 eng  a300 a300 UNI p0 aUniversitas Jambi1 aProgram Book Education 2019 /cUniversitas Jambi aJambi :bUniversitas Jambi,c2019 a75 ;c30cm 4aPEMBELAJARAN aMATEMATIKA